| 000 | 00737nam a22002537a 4500 | ||
|---|---|---|---|
| 005 | 20181011134920.0 | ||
| 008 | 180924b xxu||||| |||| 00| 0 spa d | ||
| 020 | _a9789506415891 | ||
| 041 | _aspa | ||
| 082 | _a658 D317e2 | ||
| 100 |
_aDe Geus, Arie _949838 |
||
| 245 | _aLa empresa viviente: hábitos para sobrevivir en un ambiente de negocios turbulento | ||
| 260 | _aArgentina | ||
| 260 | _bGranica | ||
| 260 | _c2011 | ||
| 300 | _a304 páginas | ||
| 650 |
_aADMINISTRACIÓN DE EMPRESAS _9521 |
||
| 650 |
_aORGANIZACIÓN DE APRENDIZAJE _93235 |
||
| 650 |
_aINNOVACIÓN _91005 |
||
| 650 |
_aPLANIFICACIÓN _924 |
||
| 650 |
_aTOMA DE DECISIONES _9865 |
||
| 650 |
_aCOMPORTAMIENTO ORGANIZACIONAL _92998 |
||
| 942 | _cBK | ||
| 999 |
_c11153 _d11153 |
||